El cultivo del almendro

Saved in:
Bibliografiske detaljer
Hovedforfatter: Salzar Hernández, Domingo M (Author)
Andre forfattere: Melgarejo Moreno, Pablo (autor)
Format: Bog
Sprog:spansk
Udgivet: Madrid AMV 1990
Madrid Mundi-Prensa 1990
Udgivelse:1a. ed
Serier:Cultivos Leñosos: Frutales de Zonas Aridas
Fag:
Tags: Tilføj Tag
Ingen Tags, Vær først til at tagge denne postø!

MARC

LEADER 00000nam a2200000 a 4500
001 UCK2741
003 CL-VaPUC
008 050318e19900000sp |||||||||||||||||spa|d
082 0 4 |a 634.55  |b SAL  |2 21 
100 0 |a Salzar Hernández, Domingo M  |e author  |9 490705 
700 |a Melgarejo Moreno, Pablo  |e autor  |9 527563 
245 1 3 |a El cultivo del almendro 
250 |a 1a. ed 
300 |a pág. irreg 
942 |c BK 
945 |d 20050318 00:00:00  |a cmena 
260 |a Madrid  |b AMV  |c 1990 
260 |a Madrid  |b Mundi-Prensa  |c 1990 
650 0 |a Almendro  |9 264675 
650 0 |a Fruticultura  |9 259678 
650 0 |a Cultivo  |9 264268 
583 |a last modification  |c 20171004 04:23:01  |k Rodrigo Vera 
490 0 |a Cultivos Leñosos: Frutales de Zonas Aridas 
999 |c 312199  |d 312197 
952 |0 0  |1 0  |4 0  |6 634_550000000000000_SAL_1990_1990  |7 0  |8 A  |9 382114  |a BIBAGR  |b BIBAGR  |d 2019-11-21  |i 4098455  |o 634.55 SAL 1990 1990  |p 4098455  |r 2025-01-20  |w 2019-11-21  |y BK  |k AGR